000 00667nam a2200241 i 4500
001 C2-0332149
003 PPAK
005 20180728132411.0
008 081124s2006 cc a|||| ||||| | zxx d
020 _a9787539139654
040 _aPPAK
_beng
_cPPAK
_erda
082 0 4 _a741.5
_223
090 0 0 _a741.5
_bFUJ
_dG
100 1 _aFujio, Fujiko F.,
_eauthor
245 1 0 _aDoraemon vol. 8
264 1 _aNanjing :
_b21st Century Publishing House ,
_c2006
300 _a157 pages :
_billustrations ;
_c18 cm
336 _2rdacontent
_atext
337 _2rdamedia
_aunmediated
338 _2rdacarrier
_avolume
650 1 0 _aComic books, strips, etc.
942 _ddc
_cB
999 _c130824
_d130824